Náboženství dnešní doby /

Hlavní autor: Newman, John Henry, 1801-1890
Jazyk: Čeština
Vydáno: Olomouc : Edice Krystal, 1939
Edice: Soukromý tisk dominikánské edice Krystal
Fyzický popis: 27 - [II] s. ; 8°
Knihy
Uloženo v:
LEADER 00965nam a22002652a 4500
001 000884591
003 CZ BrMZK
005 20080211081113.0
007 ta
008 080204s1939 xr 000 cze d
015 |a cnb000752533 
035 |a (OCoLC)85628166 
040 |a ABA001  |b cze  |c KLG001  |d ABA001 
041 1 |a cze  |h eng 
100 1 |a Newman, John Henry,  |d 1801-1890  |7 jn20000604175  |4 aut 
245 1 0 |a Náboženství dnešní doby /  |c John Henry Newman ; [přeložil z angličtiny P. Silv. M. Braito ; v úpravě Ant. Medka] 
260 |a Olomouc :  |b Edice Krystal,  |c 1939  |f (Lidové závody tiskařské a nakladatelské) 
300 |a 27 - [II] s. ;  |c 8° 
490 1 |a Soukromý tisk dominikánské edice Krystal ;  |v č. 8 
830 0 |a Soukromý tisk dominikánské edice Krystal 
910 |a BOA001  |b 1-0148.872 
990 |a BK 
993 |a Y 
991 |b 200801 
996 7 |b 2619250598  |c 1-0148.872  |l MZK  |r Sklad / do 1 hodiny  |n 5  |w 000884591  |u 000010  |a 1  |e BOA001  |j MZK50  |s A